3 indices - 1 ville #3 - Statistiques

Statistiques générales
  • Ce quiz a été pris 33 955 fois
  • Le résultat moyen est 10 sur 20
Statistiques - réponses
Indices Réponse % Correct
Sagrada Familia / Camp Nou / Catalan Barcelone
98%
Palm Islands / Golfe Persique / Burj Khalifa Dubaï
90%
Casino de Monte-Carlo / Riviera / Grimaldi Monaco
86%
Cathédrale Basile-le-Bienheureux / Place Rouge / Kremlin Moscou
79%
Huisne / Course automobile / Rillettes Le Mans
73%
Cité interdite / Tian'anmen / Palais d'Été Pékin
61%
Edo / Skytree / Shibuya Tokyo
60%
Ponte Vecchio / Médicis / Toscane Florence
50%
Robben Island / Bonne-Espérance / City Bowl Le Cap
50%
Banque Centrale Européenne / Main / Römerberg Francfort
45%
Harvard / Tea Party / Fenway Park Boston
40%
Blue Mountains / Trench Town / Bob Marley Kingston
40%
Parlement / Danube / Pont des Chaînes Budapest
39%
"Le Grand Durian" / Kota Tua / Java Jakarta
33%
Christiania / Citadelle d'Akershus / Navires vikings Oslo
32%
Pyramide de Khéops / Sphinx / Nil Gizeh
29%
Titanic / Ulster Museum / Albert Clock Belfast
21%
Tour des Clercs / Douro / Vin Porto
21%
Machu Picchu / Capitale Inca / Coricancha Cuzco
19%
Meuse / Échasseurs / Capitale Wallonne Namur
17%
Aucun quiz correspondant
Distribution des résultats
% des personnes avec chaque résultat
Percentile par nombre de réponses
Votre historique - résultats
Vous n’avez pas pris ce quiz